000 00642nam a2200205 a 4500
003 BD-DhJNU
005 20240919041354.0
008 950327s1996 caua b 001 0 eng
020 _a012600952X (case)
040 _aBD-DhJNU
_bENG
_cBD-DhJNU
_dBD-DhJNU
082 0 0 _a333.956 ROI
_223
100 1 _aRoyce, William F.
245 1 0 _aIntroduction to the practice of fishery science /
_cWilliam F. Royce.
250 _aRev. ed.
260 _aSan Diego :
_bAcademic Press,
_cc1996.
300 _axii, 448 p. :
_bill. ;
_c24 cm.
504 _aIncludes bibliographical references (p. 425-441) and index.
650 0 _aFishery sciences.
942 _cBK
999 _c775
_d775